书目信息 |
| 题名: |
供给侧结构性改革与双支柱调控政策研究
|
|
| 作者: | 李娟, 著 | |
| 分册: | ||
| 出版信息: | 北京 经济管理出版社 2018 |
|
| 页数: | 195页 | |
| 开本: | 24cm | |
| 丛书名: | 经济管理学术文库 | |
| 单 册: | ||
| 中图分类: | F12 , F822.0 | |
| 科图分类: | ||
| 主题词: | 中国经济--经济改革--研究 , 货币政策--宏观调控政策--研究--中国 | |
| 电子资源: | ||
| ISBN: | 978-7-5096-5953-3 | |
| 000 | 01900nam 2200313 450 | |
| 001 | 2366992130 | |
| 005 | 20231205183643.49 | |
| 010 | @a978-7-5096-5953-3@dCNY68.00 | |
| 100 | @a20181110d2018 em y0chiy50 ea | |
| 101 | 0 | @achi |
| 102 | @aCN@b110000 | |
| 105 | @aak a 000yy | |
| 200 | 1 | @a供给侧结构性改革与双支柱调控政策研究@Agong gei ce jie gou xing gai ge yu shuang zhi zhu tiao kong zheng ce yan jiu@d= Research on the supply-side structural reform and double pillar regulatory policy@f李娟著@zeng |
| 210 | @a北京@c经济管理出版社@d2018 | |
| 215 | @a195页@c图@d24cm | |
| 225 | 2 | @a经济管理学术文库@Ajing ji guan li xue shu wen ku@i经济类 |
| 300 | @a本书为2016年山西省哲学社会科学规划课题“新常态下区域金融风险防控机制研究--以山西省为视角”阶段性成果 | |
| 314 | @a李娟, 1981年生, 女, 山西省平定县人, 太原师范学院经济系讲师, 山西财经大学金融学博士研究生。 | |
| 320 | @a有书目 (第181-195页) | |
| 330 | @a本书以次贷危机后全球重点关注系统性金融风险、加强宏观审慎监管为背景, 以我国结构性调整和转型升级为契机, 以党的十九大报告提出的双支柱调控为指导, 研究供给侧结构性改革中的双支柱调控政策与协调。本书首先分析我国当前的供给侧结构性改革的现状, 发现当前经济中存在的问题, 进而分析我国双支柱调控政策的提出以及内涵; 接着分别从货币政策与宏观审慎政策的理论与实践方面进行深入剖析, 并梳理与借鉴国际上的一些经验。其次, 通过分析我国当前的宏观经济形势, 重点分析供给侧结构性改革与宏观审慎政策、货币政策的关系; 接着分别从理论和实证两方面分析双支柱政策的协调。最后, 对供给侧结构性改革中的双支柱调控政策进行分析。 | |
| 410 | 0 | @12001 @a经济管理学术文库@i经济类 |
| 510 | 1 | @aResearch on the supply-side structural reform and double pillar regulatory policy@zeng |
| 606 | 0 | @a中国经济@x经济改革@x研究 |
| 606 | 0 | @a货币政策@x宏观调控政策@x研究@y中国 |
| 690 | @aF12@v5 | |
| 690 | @aF822.0@v5 | |
| 701 | 0 | @a李娟,@Ali juan@f1981-@4著 |
| 801 | 0 | @aCN@b湖北三新@c20181110 |
| 905 | @aZUCC@dF12@e173 | |
| 供给侧结构性改革与双支柱调控政策研究= Research on the supply-side structural reform and double pillar regulatory policy/李娟著.-北京:经济管理出版社,2018 |
| 195页:图;24cm.-(经济管理学术文库.经济类) |
| 本书为2016年山西省哲学社会科学规划课题“新常态下区域金融风险防控机制研究--以山西省为视角”阶段性成果 |
| ISBN 978-7-5096-5953-3:CNY68.00 |
| 本书以次贷危机后全球重点关注系统性金融风险、加强宏观审慎监管为背景, 以我国结构性调整和转型升级为契机, 以党的十九大报告提出的双支柱调控为指导, 研究供给侧结构性改革中的双支柱调控政策与协调。本书首先分析我国当前的供给侧结构性改革的现状, 发现当前经济中存在的问题, 进而分析我国双支柱调控政策的提出以及内涵; 接着分别从货币政策与宏观审慎政策的理论与实践方面进行深入剖析, 并梳理与借鉴国际上的一些经验。其次, 通过分析我国当前的宏观经济形势, 重点分析供给侧结构性改革与宏观审慎政策、货币政策的关系; 接着分别从理论和实证两方面分析双支柱政策的协调。最后, 对供给侧结构性改革中的双支柱调控政策进行分析。 |
| ● |
| 相关链接 |
|
|
|
正题名:供给侧结构性改革与双支柱调控政策研究
索取号:F12/173
 
预约/预借
| 序号 | 登录号 | 条形码 | 馆藏地/架位号 | 状态 | 备注 |
| 1 | 2001356508 | 2001356508 | 603书库/ [索取号:F12/173] | 在馆 | |
| 2 | 2001356509 | 2001356509 | 603书库/ [索取号:F12/173] | 在馆 | |
| 3 | 2001356510 | 2001356510 | 603书库/ [索取号:F12/173] | 在馆 | |
| 4 | 2001356511 | 2001356511 | 共建书房-经管学院/ [索取号:F12/173] | 在馆 | |
| 5 | 2001356512 | 2001356512 | 共建书房-经管学院/ [索取号:F12/173] | 在馆 | |
| 6 | 2001356513 | 2001356513 | 603书库/ [索取号:F12/173] | 在馆 | |
| 7 | 2001356514 | 2001356514 | 603书库/ [索取号:F12/173] | 在馆 | |
| 8 | 2001356515 | 2001356515 | 共建书房-经管学院/ [索取号:F12/173] | 在馆 | |
| 9 | 2001356516 | 2001356516 | 共建书房-经管学院/ [索取号:F12/173] | 在馆 | |
| 10 | 2001356517 | 2001356517 | 共建书房-经管学院/ [索取号:F12/173] | 在馆 | |
| 11 | 2001356518 | 2001356518 | 共建书房-经管学院/ [索取号:F12/173] | 在馆 | |
| 12 | 2001356519 | 2001356519 | 603书库/ [索取号:F12/173] | 在馆 | |
| 13 | 2001356520 | 2001356520 | 603书库/ [索取号:F12/173] | 在馆 | |
| 14 | 2001356521 | 2001356521 | 603书库/ [索取号:F12/173] | 在馆 | |
| 15 | 2001356522 | 2001356522 | 603书库/ [索取号:F12/173] | 在馆 | |
| 16 | 2001356523 | 2001356523 | 603书库/ [索取号:F12/173] | 在馆 | |
| 17 | 2001356524 | 2001356524 | 603书库/ [索取号:F12/173] | 在馆 | |
| 18 | 2001356525 | 2001356525 | 603书库/ [索取号:F12/173] | 在馆 | |
| 19 | 2001356526 | 2001356526 | 603书库/ [索取号:F12/173] | 在馆 | |
| 20 | 2001356527 | 2001356527 | 603书库/ [索取号:F12/173] | 在馆 | |
| 21 | 2001356528 | 2001356528 | 603书库/ [索取号:F12/173] | 在馆 | |
| 22 | 2001356529 | 2001356529 | 603书库/ [索取号:F12/173] | 在馆 | |
| 23 | 2001356530 | 2001356530 | 603书库/ [索取号:F12/173] | 在馆 | |
| 24 | 2001356531 | 2001356531 | 603书库/ [索取号:F12/173] | 在馆 | |
| 25 | 2001356532 | 2001356532 | 603书库/ [索取号:F12/173] | 在馆 | |
| 26 | 2001356533 | 2001356533 | 603书库/ [索取号:F12/173] | 在馆 | |
| 27 | 2001356534 | 2001356534 | 603书库/ [索取号:F12/173] | 在馆 | |
| 28 | 2001356535 | 2001356535 | 603书库/ [索取号:F12/173] | 在馆 | |
| 29 | 2001356536 | 2001356536 | 603书库/ [索取号:F12/173] | 在馆 | |
| 30 | 2001356537 | 2001356537 | 603书库/ [索取号:F12/173] | 在馆 |